FORO UNIVERSITARIO (Record no. 107740)
[ view plain ]
| 000 -CABECERA | |
|---|---|
| campo de control de longitud fija | 00576nam a2200205 u 4500 |
| 001 - NÚMERO DE CONTROL | |
| campo de control | AC-000000130 |
| 005 - FECHA Y HORA DE LA ÚLTIMA TRANSACCIÓN | |
| campo de control | 20230623063534.0 |
| 008 - ELEMENTOS DE LONGITUD FIJA--INFORMACIÓN GENERAL | |
| campo de control de longitud fija | 001023s2000 r 000 0 eng d |
| 035 ## - NÚMERO DE CONTROL DEL SISTEMA | |
| Número de control de sistema | UPN01000135589 |
| 100 1# - ASIENTO PRINCIPAL--NOMBRE PERSONAL | |
| Nombre de persona | WOLDENBERG, José |
| 240 #0 - TÍTULO UNIFORME | |
| Título uniforme | Historia del SPAUNAM : LIV las segundas reuniones de foro y el FNAP |
| 245 10 - MENCIÓN DE TÍTULO | |
| Título | FORO UNIVERSITARIO |
| 300 ## - DESCRIPCIÓN FÍSICA | |
| Extensión | 7-14 |
| 362 ## - FECHAS DE PUBLICACIÓN Y/O DESIGNACIÓN SECUENCIAL | |
| Fecha de publicación y/o designación secuencial | 1986 2a época, año 6, no. 68, jul. |
| 653 0# - TERMINO DE INDIZACION - NO CONTROLADO | |
| Término no controlado | SPAUNAM |
| 653 0# - TERMINO DE INDIZACION - NO CONTROLADO | |
| -- | REFORMA UNIVERSITARIA |
| 650 #2 - ASIENTO SECUNDARIO DE MATERIA - TERMINO TEMATICO | |
| Término de materia o nombre geográfico como elemento de entrada | Sindicatos |
| 9 (RLIN) | 8186 |
| 650 ## - ASIENTO SECUNDARIO DE MATERIA - TERMINO TEMATICO | |
| Término de materia o nombre geográfico como elemento de entrada | SPAUNAM |
| 650 ## - ASIENTO SECUNDARIO DE MATERIA - TERMINO TEMATICO | |
| Término de materia o nombre geográfico como elemento de entrada | PERSONAL ACADEMICO |
No items available.
